000 00434nam a2200145Ia 4500
008 100204s9999 xx 000 0 und d
082 _b1041
100 _aरानडे जयंत / नायर राजीव
245 _aजबानी
260 _b"उदयदीप प्रकाशन , मुंबई"
_c1977
300 _a166
630 _aजबानी
730 _aजबानी
942 _cBOOK
999 _c446233
_d446230